000
00330nam a22001457a 4500
008
230324b ||||| |||| 00| 0 eng d
020
_a
0721612016
041
_a
eng
080
_2
FIFTH EDITION
_a
159.9
082
_a
159.9LEE
100
_a
25
101
_a
HIS
245
_a
TEXTBOOK OF HISTOLOGY
_c
LEESON L P
942
_2
udc
_c
BK
999
_c
59448
_d
59448